| 000 | 01299cam a2200349 i 4500 | ||
|---|---|---|---|
| 999 |
_c200448582 _d66794 |
||
| 003 | TR-AnTOB | ||
| 005 | 20220415121056.0 | ||
| 007 | ta | ||
| 008 | 161122s2015 tu a b 000 0 tur c | ||
| 010 | _a 2016357597 | ||
| 020 | _a9786051374819 | ||
| 020 | _a6051374817 | ||
| 035 | _a(OCoLC)ocn961391190 | ||
| 040 |
_aHLS _beng _erda _cHLS _dDLC _dTR-AnTOB |
||
| 041 | _atur | ||
| 042 |
_apcc _alcode |
||
| 043 | _aa-tu--- | ||
| 050 | 0 | 0 |
_aDS156.I82 _bE73 2015 |
| 090 |
_aDS156.I82 _bE73 2015 |
||
| 100 | 1 |
_aErcenk, Giray _eauthor _9136689 |
|
| 245 | 1 | 0 |
_aDağ'ın dili Isauria - Taşeli : _bGündoğmuş (Eksere) bir üretim ve yaşam havzasının coğrafya - tarih - kültür bağlamında insan hikayesi / _cGiray Ercenk. |
| 246 | 3 | 0 | _aGündoğmuş (Eksere) bir üretim ve yaşam havzasının coğrafya - tarih - kültür bağlamında insan hikayesi |
| 264 | 1 |
_aAntalya : _bAntalya Ticaret ve Sanayi Odası Kültür Yayınları, _c2015. |
|
| 300 |
_a495 pages : _billustrations ; _c30 cm |
||
| 336 |
_atext _btxt _2rdacontent |
||
| 337 |
_aunmediated _bn _2rdamedia |
||
| 338 |
_avolume _bnc _2rdacarrier |
||
| 651 | 7 |
_aIsauria _xTarih _2etuturkob _9136690 |
|
| 651 | 7 |
_aGündoğmuş (Antalya, Türkiye) _xGezi ve tanıtım _2etuturkob _9136691 |
|
| 942 |
_2lcc _cBK |
||